EG (Record no. 81334)

MARC details
000 -LEADER
fixed length control field 00914cab a22002175a 4500
001 - CONTROL NUMBER
control field L146953
008 - FIXED-LENGTH DATA ELEMENTS--GENERAL INFORMATION
fixed length control field 090318e20090314xxk 000 0 eng d
035 ## - SYSTEM CONTROL NUMBER
System control number (Sirsi) u146953
041 0# - LANGUAGE CODE
Language code of text/sound track or separate title eng
100 1# - MAIN ENTRY--PERSONAL NAME
Personal name Pio Kivlehan, Noella
245 00 - TITLE STATEMENT
Title EG
Remainder of title leisure
260 ## - PUBLICATION, DISTRIBUTION, ETC.
Date of publication, distribution, etc. 2009
490 ## - SERIES STATEMENT
Series statement Estates Gazette
Volume/sequential designation (0910) 14 March 2009, 61-73(9)
520 ## - SUMMARY, ETC.
Summary, etc. Reveals that although 2009 is set to be a very bad year for the hotel sector, the downturn offers budget groups a rare opportunity to expand. Explains that commercial landlords threatened by an upsurge in pre-pack administration must change their outlook if they are to fight back. Discusses the alternatives to closure for pubs and restaurants and gives advice to landlords.
590 ## - LOCAL NOTE (RLIN)
Local note KA
651 #4 - SUBJECT ADDED ENTRY--GEOGRAPHIC NAME
Geographic name United Kingdom
Chronological subdivision
690 ## - LOCAL SUBJECT ADDED ENTRY--TOPICAL TERM (OCLC, RLIN)
Topical term or geographic name as entry element PROPERTY-COMMERCIAL PROPERTY-LEISURE PROPERTY
700 1# - ADDED ENTRY--PERSONAL NAME
Personal name Harris, David
700 1# - ADDED ENTRY--PERSONAL NAME
Personal name Thame, David
942 ## - ADDED ENTRY ELEMENTS (KOHA)
Suppress in OPAC 0
Holdings
Withdrawn status Lost status Source of classification or shelving scheme Damaged status Not for loan Home library Current library Shelving location Date acquired Total Checkouts Full call number Barcode Date last seen Copy number Price effective from Koha item type
    Dewey Decimal Classification     London London Journal article 18/03/2009   L146953 146953-1001 06/08/2019 1 06/08/2019 Book